ბათუმის შოთა რუსთაველის სახელმწიფო უნივერსიტეტის ბიბლიოთეკა

ქართულ-ოსური კულტურული და სამეცნიერო ურთიერთობების ისტორიისათვის.. (ბიბ.ჩანაწერი № 35417)

000 -LEADER
fixed length control field 00976nam a2200241Ia 4500
001 - CONTROL NUMBER
control field 1272
003 - CONTROL NUMBER IDENTIFIER
control field GE_BSU
008 - FIXED-LENGTH DATA ELEMENTS--GENERAL INFORMATION
fixed length control field 181216s||||||||xx |||||||||||||| ||und||
020 ## - INTERNATIONAL STANDARD BOOK NUMBER
International Standard Book Number 9789941128790
040 ## - CATALOGING SOURCE
Transcribing agency GE_BSU
080 ## - UNIVERSAL DECIMAL CLASSIFICATION NUMBER
Universal Decimal Classification number 008.1(479.22;470.65)+001.83(479.22:470.65)
100 ## - MAIN ENTRY--PERSONAL NAME
Personal name ურუშაძე, ლევან ზ.
245 ## - TITLE STATEMENT
Title ქართულ-ოსური კულტურული და სამეცნიერო ურთიერთობების ისტორიისათვის..
245 ## - TITLE STATEMENT
Remainder of title (მახარბეკ თუღანოვი და საქართველო)
245 ## - TITLE STATEMENT
Statement of responsibility, etc. ალასანია, გიული
260 ## - PUBLICATION, DISTRIBUTION, ETC.
Place of publication, distribution, etc. თბილისი
260 ## - PUBLICATION, DISTRIBUTION, ETC.
Name of publisher, distributor, etc. უნივერსალი
260 ## - PUBLICATION, DISTRIBUTION, ETC.
Date of publication, distribution, etc. 2009
300 ## - PHYSICAL DESCRIPTION
Extent 61გვ,ილ.29სმ.
653 ## - INDEX TERM--UNCONTROLLED
Uncontrolled term ქართულ-ოსური ურთიერთობის ისთორია
942 ## - ADDED ENTRY ELEMENTS (KOHA)
Koha item type წიგნი

არაა ხელმისაწვდომი ეგზემპლარები.